Normal view
MARC view
- Murdocca,Miles/Heuring,Vincent
Entry Personal Name
001 - CONTROL NUMBER
- control field: 1129
003 - CONTROL NUMBER IDENTIFIER
- control field: JO-AjAnu
005 - DATE AND TIME OF LATEST TRANSACTION
- control field: 20230606070505.0
008 - FIXED-LENGTH DATA ELEMENTS
- fixed length control field: 230606|| aca||aabn | a|a d
040 ## - CATALOGING SOURCE
- Original cataloging agency: JO-AjAnu
- Transcribing agency: JO-AjAnu
100 ## - HEADING--PERSONAL NAME
- Personal name: Murdocca,Miles/Heuring,Vincent
670 ## - SOURCE DATA FOUND
- Source citation: Work cat.: (JO-AjAnu)591: Murdocca,Miles/Heuring,Vincent, author, Computer Architecture And Organization :an integrated Approach